| 000 | 01566nam a2200349 i 4500 | ||
|---|---|---|---|
| 001 | bg | ||
| 003 | BPK | ||
| 005 | 20191028151403.0 | ||
| 008 | 951011s1995 pl f f |000 0 pol | ||
| 020 | _a8386123109 | ||
| 040 | _cBPK | ||
| 041 | 0 | _apol | |
| 080 | _a621 | ||
| 080 | _a(083) | ||
| 080 | _a(075.8) | ||
| 100 | 1 |
_aKarpiński, Tadeusz _d(1936- ) _eAutor |
|
| 245 | 1 | 0 |
_aMateriały do projektowania procesów technologicznych. _nCz.1, _pWzory dokumentacji technologicznej i dane ogólne / _cTadeusz Karpiński, Michał Kozłowski ; Wyższa Szkoła Inżynierska w Koszalinie. |
| 246 | 1 | 4 | _aMateriały pomocnicze do projektowania procesów technologicznych |
| 250 | _aWyd. 4. | ||
| 260 |
_aKoszalin : _bWydawnictwo Uczelniane WSI, _c1995. |
||
| 300 |
_a210 s. : _bfaks., rys. ; _c24 cm. |
||
| 500 | _aTyt. okł. : Materiały pomocnicze do projektowania procesów technologicznych. - Na s. red. r. wyd. : 1994. | ||
| 504 | _aBibliogr. s. 210. | ||
| 521 | _aSkrypt Wydz. Mechanicznego do przedmiotów Projektowanie i automatyzacja procesów technologicznych, technologia budowy maszyn. | ||
| 650 | 4 |
_aMaszyny _xtechnologia _xprojekty. |
|
| 655 | 4 | _aTablice i wzory | |
| 650 | 4 | _aDokumentacja techniczna | |
| 710 | 2 |
_aWydawnictwo Uczelniane (Wyższa Szkoła Inżynierska ; Koszalin) _bWydawnictwo Uczelniane. _4pbl. |
|
| 700 | 1 |
_aKozłowski, Michał _c(nauki techniczne) _eAutor |
|
| 942 |
_cKS _2UKD |
||
| 856 |
_uhttp://koha.tu.koszalin.pl/cgi-bin/koha/opac-detail.pl?biblionumber=35264 _yKatalog online BPK |
||
| 999 |
_c35264 _d35264 |
||